Régiek és ujak [!újak] népvándorlási kérdésekről

Elmentve itt :
Bibliográfiai részletek
Szerző: Felvinczi Takács Zoltán
Dokumentumtípus: Cikk
Megjelent: 1927
Sorozat:Széphalom 1
Kulcsszavak:Történelemtudomány, Régészet
Online Access:http://acta.bibl.u-szeged.hu/20142
LEADER 00610nab a2200169 i 4500
001 acta20142
005 20210722152844.0
008 161015s1927 hu o 0|| hun d
040 |a SZTE Egyetemi Kiadványok Repozitórium  |b hun 
041 |a hun 
100 2 |a Felvinczi Takács Zoltán 
245 1 0 |a Régiek és ujak [!újak] népvándorlási kérdésekről  |h [elektronikus dokumentum] /  |c  Felvinczi Takács Zoltán 
260 |c 1927 
300 |a 327-330 
490 0 |a Széphalom  |v 1 
695 |a Történelemtudomány, Régészet 
856 4 0 |u http://acta.bibl.u-szeged.hu/20142/1/szephalom_001_327-330.pdf  |z Dokumentum-elérés